000 00469cam a2200193ua 4500
020 _c14
041 _aeng
_h
082 _a621.301
_bARO/EL
100 _aArora, S K .
245 _aElectrical Technology Digest Vol I /
_casija Pratab.
_hTextual Documents
250 _a1 /
_b.
260 _aDelhi :
_bDhanpat Rai & Sons ,
_c1969.
300 _a1281 ; .
365 _a14
504 _a
700 1 _aHasija , Pratab .
942 _cBK
999 _c3328
_d3328